000 00630nam a2200253Ia 4500
003 OSt
005 20221005120246.0
006 a|||||r|||| 00| 0
007 ta
008 221004b |||||||| |||| 00| 0 urd d
020 _c1
024 _a30447
037 _cTextual
040 _aCRL
_cCRL
_burd
041 _2urd
_aurd
082 _aO168,3N15,DD, {Q2}
100 _aChughtai Ismat Au.
_93297
245 0 _aDil ki duniya
260 _c2012
300 _a128p.
_ccm.
650 _aURDU FICTION
_93298
942 _hO168,3N15,DD, {Q2}
_cTEXL
_2cc
999 _c1037434
_d1037434